00636nam a2200181Ia 4500003000900000008004100009040001600050080002000066100002400086245014000110260003400250300001400284490004600298650004100344650002500385650002000410700002400430IN-BaIIA211028s9999 xx 000 0 eng d cIIA Library a530.145bBYR-II aByron, Frederick W. 0aMathematics of classical and quantum physicsbvol. IIcFrederick W. Byron and Robert W. Fuller  aReadingbAddison-Wesleyc1970 axi, 659p. aAddison-Wesley series in advanced physics aAstronomy and astrophysics thesaurus aMathematical physics aQuantum physics aFuller, Robert W.